Encyclopaedia of indian history : (Record no. 136521)
[ view plain ]
| 000 -LEADER | |
|---|---|
| fixed length control field | 00698nam a22002057a 4500 |
| 010 ## - LIBRARY OF CONGRESS CONTROL NUMBER | |
| LC control number | A-991578 |
| 020 ## - INTERNATIONAL STANDARD BOOK NUMBER | |
| International Standard Book Number | 8176480703 |
| Terms of availability | 3000(Set) |
| 035 ## - SYSTEM CONTROL NUMBER | |
| System control number | A-991578 |
| 037 ## - SOURCE OF ACQUISITION | |
| Source of stock number/acquisition | Cen Lib / Ret |
| 040 ## - CATALOGING SOURCE | |
| Original cataloging agency | DPL |
| Language of cataloging | EN |
| 082 ## - DEWEY DECIMAL CLASSIFICATION NUMBER | |
| Classification number | 954 |
| Item number | ENC |
| 100 ## - MAIN ENTRY--PERSONAL NAME | |
| Personal name | Prakash Chander |
| 245 ## - TITLE STATEMENT | |
| Title | Encyclopaedia of indian history : |
| Remainder of title | ancient, medieval, modern / |
| Statement of responsibility, etc | by Prakash Chander |
| 260 ## - PUBLICATION, DISTRIBUTION, ETC. (IMPRINT) | |
| Place of publication, distribution, etc | New Delhi |
| Name of publisher, distributor, etc | APH Pub. Corp |
| Date of publication, distribution, etc | 1999 |
| 270 ## - ADDRESS | |
| Address | 5 Ansari Road Darya Ganj |
| City | New Delhi |
| Postal code | 110002 |
| 300 ## - PHYSICAL DESCRIPTION | |
| Extent | 4 v. ; (v 1. 421 ; v 2. 424-706 ; v 3. x, 709-973 ; v 4. 974-1264p) |
| Other physical details | 23cm(Hb) |
| 650 ## - SUBJECT ADDED ENTRY--TOPICAL TERM | |
| Topical term or geographic name as entry element | Inde -- Histoire -- Encyclopedies. |
| 650 ## - SUBJECT ADDED ENTRY--TOPICAL TERM | |
| Topical term or geographic name as entry element | India -- History |
| 942 ## - ADDED ENTRY ELEMENTS (KOHA) | |
| Source of classification or shelving scheme | Dewey Decimal Classification |
| Koha item type | English Books |
| Classification part | 954 |
| Call number suffix | ENC |
| Withdrawn status | Lost status | Materials specified (bound volume or other part) | Damaged status | Not for loan | Home library | Current library | Date acquired | Source of acquisition | Cost, normal purchase price | Total Checkouts | Full call number | Barcode | Date last seen | Cost, replacement price | Price effective from | Koha item type | Copy number | Source of classification or shelving scheme | Collection code | Total Renewals | Date checked out |
|---|---|---|---|---|---|---|---|---|---|---|---|---|---|---|---|---|---|---|---|---|---|
| v 3 | Central Library | Central Library | 04/03/2016 | Cen Lib/Ret | 3000.00 | 954 ENC | A-991578 | 04/03/2016 | 3000.00 | 04/03/2016 | English Books | ||||||||||
| v 4 | Central Library | Central Library | 15/03/2016 | Cen Lib/Ret | 3000.00 | 954 ENC | A-991579 | 15/03/2016 | 3000.00 | 15/03/2016 | English Books | 1 | |||||||||
| v 1 | Not For Loan | Central Library | Central Library | 15/03/2016 | Cen Lib/Ret | 1 | 954 ENC | A-991576 | 03/10/2018 | 15/03/2016 | English Books | 1 | Dewey Decimal Classification | Reference | 1 | 05/09/2018 | |||||
| v 2 | Central Library | Central Library | 15/03/2016 | Cen Lib/Ret | 3000.00 | 954 ENC | A-991577 | 15/03/2016 | 3000.00 | 15/03/2016 | English Books | 1 |
